Plain speaking : (Record no. 889)

MARC details
000 -LEADER
fixed length control field 00742cam a2200253 4500
005 - DATE AND TIME OF LATEST TRANSACTION
control field 20260322212038.0
008 - FIXED-LENGTH DATA ELEMENTS--GENERAL INFORMATION
fixed length control field data
010 ## - LIBRARY OF CONGRESS CONTROL NUMBER
LC control number 73087198
020 ## - INTERNATIONAL STANDARD BOOK NUMBER
International Standard Book Number 0399112618
020 ## - INTERNATIONAL STANDARD BOOK NUMBER
International Standard Book Number 9780399112614
040 ## - CATALOGING SOURCE
Original cataloging agency DLC
Transcribing agency DLC
Modifying agency DLC
043 ## - GEOGRAPHIC AREA CODE
Geographic area code n-us---
050 00 - LIBRARY OF CONGRESS CALL NUMBER
Classification number E814
Item number .M54 1974
082 00 - DEWEY DECIMAL CLASSIFICATION NUMBER
Classification number B
-- B
001 - CONTROL NUMBER
control field data
100 1# - MAIN ENTRY--PERSONAL NAME
Personal name Miller, Merle,
Dates associated with a name 1919-1986.
245 10 - TITLE STATEMENT
Title Plain speaking :
Remainder of title an oral biography of Harry S. Truman /
Statement of responsibility, etc. Merle Miller.
260 ## - PUBLICATION, DISTRIBUTION, ETC.
Place of publication, distribution, etc. New York,
Name of publisher, distributor, etc. Berkley Pub. Corp.; distributed by Putnam
Date of publication, distribution, etc. [1974]
300 ## - PHYSICAL DESCRIPTION
Extent 448 p.
Dimensions 24 cm.
350 ## - PRICE (NR) (BK AM CF MU VM SE) [OBSOLETE]
Price {dollar}8.95
600 10 - SUBJECT ADDED ENTRY--PERSONAL NAME
Personal name Truman, Harry S.,
Dates associated with a name 1884-1972.
650 #0 - SUBJECT ADDED ENTRY--TOPICAL TERM
Topical term or geographic name entry element Presidents
Geographic subdivision United States
Form subdivision Biography.
651 #0 - SUBJECT ADDED ENTRY--GEOGRAPHIC NAME
Geographic name United States
General subdivision Politics and government
Chronological subdivision 1945-1953.
Holdings
Withdrawn status Lost status Damaged status Not for loan Home library Current library Shelving location Date acquired Total checkouts Full call number Barcode Date last seen Price effective from Koha item type
        Franklin Franklin General stacks 22/03/2026   973.918/092/4 B BC0010916 22/03/2026 22/03/2026 Books